000 03626aam a2200361 i 4500
001 768714001
003 CO-MdFUSB
005 20220907122531.0
007 ta
008 160907t2011 -us |||| |||| 00| 0 eng d
020 _a9781587431487
040 _cCO-MdFUSB
_aCO-MdFUSB
_bspa
_dCO-MdFUSBC
_erda
041 0 _aeng
082 _224
_a220.77
_bB827b
100 1 _aTreier, Daniel J.
_dautor
245 1 0 _aProverbs & Ecclesiastes
_c/ Daniel J. Treier
264 1 _aGrand Rapids, Michigan :
_b Brazos Press,
_c[2011]
264 4 _c© 2011
300 _axxvi, 256 páginas
_c; 23 cm
336 _2rdacontent
_atexto
_btxt
337 _2rdamedia
_asin mediación
_bn
338 _2rdacarrier
_avolumen
_bnc
490 _aBrazos Tehological Commentary on the Bible
500 _aIncluye índices (páginas 239-256)
505 _aI. Proverbios -- A. Dos caminos (Proverbios 1-9) -- El marco básico -- Prólogo (1:1-7) -- No escuchar el mal (I:8-19) -- Escuchar la oferta de la sabiduría (1: 20-33) -- Aceptar la oferta de la sabiduría (2) -- Aferrarse a la sabiduría (3) -- Valorar y proteger el camino de los padres (4) -- Evitar la adúltera 95) -- Evitar varios enredos (6) -- Evitar dama locura (7) -- Escuchar de nuevo la oferta de la Señora Sabiduría (8) -- Ofertas finales de la sabiduría y la locura (9) -- B. Las virtudes de Proverbios (Proverbios 10-29) -- Resumen -- Siete (cardinales y teológicos ) virtudes -- Siete vicios capitales -- Actos de habla -- C. Palabras finales: Sabiduría en el contexto cósmico, social y familiar (Proverbios 30-31) -- Oráculos para los extraños -- Orden en la sociedad y la familia. II. Eclesiastés -- A. Introducción: Nada es realmente nuevo o duradero (bajo el sol) (Eclesiastés 1:1-11) -- Parte 1: Una búsqueda de lo "mejor" (Eclesiastés 1:12-6:9) -- Sabiduría no ofrece ganancia permanente (1:12-18) -- Los logros no ofrecen ganancia permanente (2:1-26) -- Todo debe ser adecuado para su tiempo (3:1-15) -- ¿Hay un tiempo o lugar para ¿justicia? (3:16-22) -- Justicia y comunidad (4:1-16) -- Economía de Dios: Cumplir votos (5:1-7) -- Economías terrenales: Ver riquezas, dormir bien (5:8-6 :9) -- B. Transición: Resumen de la Parte I e introducción a la Parte 2 (Eclesiastés 6:10-12) -- Parte 2: ¿Quién sabe? (Eclesiastés 7:1-12:7) -- Proverbios sobre la vida sabia frente a la muerte (7:1-14) -- Reflexiones sobre la teología de la retribución (7:15-29) -- Reflexiones sobre la sabiduría y la autoridad (8 :1-9) -- Observaciones sobre la (in)justicia (8:10-17) -- Más sobre vivir sabiamente de cara al futuro (9:1-10:20) -- Proverbios sobre actuar sin conocimiento cierto ( 11:1-6) -- Resumiendo: Sabiduría para la juventud (11:7-12:7) -- C. Conclusión: El fin del asunto (Eclesiastés 12:8-14).
520 _a"Los pastores y líderes de la iglesia clásica interpretaron la Biblia teológicamente, creyendo que la Escritura en su totalidad testificaba el evangelio de Jesucristo. Los intérpretes modernos de la Biblia cuestionaron esta premisa. Pero en las últimas décadas, una masa crítica de teólogos y estudiosos de la Biblia ha comenzado para reafirmar la prioridad de una lectura teológica de las Escrituras. El Comentario teológico de la Biblia de Brazos recluta a destacados teólogos para leer e interpretar las Escrituras para el siglo XXI. Además de la serie bien recibida, Daniel Treier ofrece una exégesis teológica de Proverbios y Eclesiastés"
563 _aPasta dura
630 0 7 _aBiblia.
_pProverbios
630 0 7 _aBiblia.
_pEclesiastes
942 _cBK
945 _aJTF-925
999 _c46920
_d46920